000 00294nam a2200133Ia 4500
003 Ost
005 20260225132559.0
008 260225s9999||||xx |||||||||||||| ||und||
040 _cfsic
041 _afre
082 _a70.4
245 0 _aMéthodes d'approche du monde pural /
942 _cكتاب
999 _c34622
_d34622